000 00266nam a2200097Ia 4500
001 1250491
005 20251031150857.0
008 251031s9999 xx 000 0 und d
245 0 _cDOSTOYEVSKİ
_aG-5 STEPANÇİKOVO KÖYÜ
260 _bTÜRKİYE İŞ BANKASI YAYINLARI
999 _c1250491
_d1250491